<?xml version="1.0" encoding="UTF-8"?>
<record
    xmlns:xsi="http://www.w3.org/2001/XMLSchema-instance"
    xsi:schemaLocation="http://www.loc.gov/MARC21/slim http://www.loc.gov/standards/marcxml/schema/MARC21slim.xsd"
    xmlns="http://www.loc.gov/MARC21/slim">

  <leader>00783cam a22002417a 4500</leader>
  <controlfield tag="003">OSt</controlfield>
  <controlfield tag="005">20170512120119.0</controlfield>
  <controlfield tag="008">170512s2016    sp ||||  |||||0|| 0 spa|d</controlfield>
  <datafield tag="017" ind1=" " ind2=" ">
    <subfield code="a">DL M. 25521-2016</subfield>
  </datafield>
  <datafield tag="020" ind1=" " ind2=" ">
    <subfield code="a">9788441538269 </subfield>
  </datafield>
  <datafield tag="040" ind1=" " ind2=" ">
    <subfield code="a">ES-BaCBU</subfield>
    <subfield code="b">cat</subfield>
    <subfield code="c">CDMR</subfield>
  </datafield>
  <datafield tag="100" ind1="1" ind2=" ">
    <subfield code="a">Gorostiza, I&#xF1;aki</subfield>
  </datafield>
  <datafield tag="245" ind1="1" ind2="0">
    <subfield code="a">Google Analytics </subfield>
    <subfield code="b">: mide y vencer&#xE1;s /</subfield>
    <subfield code="c">I&#xF1;aki Gorostiza, Asier Barainca</subfield>
  </datafield>
  <datafield tag="260" ind1=" " ind2=" ">
    <subfield code="a">Madrid :</subfield>
    <subfield code="b">Anaya Multimedia,</subfield>
    <subfield code="c">cop. 2016</subfield>
  </datafield>
  <datafield tag="300" ind1=" " ind2=" ">
    <subfield code="a">231 p. :</subfield>
    <subfield code="b">il. ;</subfield>
    <subfield code="c">23 cm</subfield>
  </datafield>
  <datafield tag="500" ind1=" " ind2=" ">
    <subfield code="a">Inclou &#xED;ndex</subfield>
  </datafield>
  <datafield tag="630" ind1="0" ind2="4">
    <subfield code="a">Google Analytics</subfield>
  </datafield>
  <datafield tag="650" ind1=" " ind2="7">
    <subfield code="a">Internet</subfield>
    <subfield code="x">Cerca</subfield>
    <subfield code="x">Serveis estad&#xED;stics</subfield>
    <subfield code="2">lemac</subfield>
    <subfield code="9">3592</subfield>
  </datafield>
  <datafield tag="650" ind1=" " ind2="7">
    <subfield code="a">Mineria de web</subfield>
    <subfield code="x">Programes d'ordinador</subfield>
    <subfield code="2">lemac</subfield>
  </datafield>
  <datafield tag="650" ind1=" " ind2="7">
    <subfield code="a">Internautes</subfield>
    <subfield code="x">Estad&#xED;stiques</subfield>
    <subfield code="x">Inform&#xE0;tica</subfield>
    <subfield code="2">lemac</subfield>
    <subfield code="9">4298</subfield>
  </datafield>
  <datafield tag="700" ind1="1" ind2=" ">
    <subfield code="a">Barainca, Asier</subfield>
  </datafield>
  <datafield tag="942" ind1=" " ind2=" ">
    <subfield code="c">MON</subfield>
  </datafield>
  <datafield tag="999" ind1=" " ind2=" ">
    <subfield code="c">7031</subfield>
    <subfield code="d">7031</subfield>
  </datafield>
  <datafield tag="952" ind1=" " ind2=" ">
    <subfield code="0">0</subfield>
    <subfield code="1">0</subfield>
    <subfield code="4">0</subfield>
    <subfield code="7">0</subfield>
    <subfield code="a">CDMR</subfield>
    <subfield code="b">CDMR</subfield>
    <subfield code="d">2017-05-12</subfield>
    <subfield code="e">Intercanvi</subfield>
    <subfield code="g">24.95</subfield>
    <subfield code="l">6</subfield>
    <subfield code="o">Cq 16</subfield>
    <subfield code="p">CDMR17050005</subfield>
    <subfield code="r">2017-10-31</subfield>
    <subfield code="s">2017-10-09</subfield>
    <subfield code="v">24.95</subfield>
    <subfield code="w">2017-05-12</subfield>
    <subfield code="y">MON</subfield>
  </datafield>
</record>
